000 00583nam a2200193Ia 4500
003 GCL
008 140319s9999 xx 000 0 ara d
040 _aGCL /
_cGCL
082 0 4 _a889.3009
_bم د
100 1 _aمحمد صقر خفاجة
245 1 0 _aدراسات فى المسرحية اليونانية /
_cمحمد صقر خفاجة
260 _a[S.N] :
_bمكتبة الانجلوالمصرية ،
_c1979
300 _a159 ص
490 _a
650 0 4 _aالادب اليونانى
650 0 4 _aالمسرحيات
650 0 4 _aتاريخ ونقد
942 _2ddc
_cBK
999 _c31242
_d31242